MARC

LEADER 00000nam a2200000Ia 4500
001
008 160829s9999 xx 000 0 cat d
100 |a Castell, Jaume  |9 33703 
245 |a Exposición de artesanía en Granollers / por Jaime Castell 
260 |a San Jorge, núm. 73 (1r trimestre 1969), pàg 42 - 47 
650 |a Artesania  |x Granollers  |x Exposició  |9 40281 
901 |a Arxiu 
942 |n 1 
952 |0 0  |1 0  |4 0  |7 1  |9 49544  |a Arxiu  |b Arxiu  |d 2016-12-01  |l 0  |r 2016-12-01 00:00:00  |w 2016-12-01  |y ARXIU 
999 |c 53386  |d 53386